| Registos Bibliográficos associados ao registo de autoridade |
|
Etiqueta de registo: 00254nam 2200025 450 001 2288151 003 http://id.bnportugal.gov.pt/bib/catbnp/2288151 010 ## $a978-989-586-307-5 021 ## $aPT$b561123/26 100 ## $a20260618d2026 m y0pory01030103ba 101 0# $apor 102 ## $aPT 105 ## $ay z 000yy 106 ## $ar 200 1# $a O negócio começa em ti$e um livro que inicia no ser e termina no plano de negócios$fCatarina Taborda$gpref. Isaltino Morais 205 ## $a1ª ed 210 #9 $aPorto$c5 Livros,$d2026 215 ## $a131, [2] p.$d24 cm 700 #1 $93$aTaborda,$bCatarina$32000907 702 #1 $aMorais,$bIsaltino,$f1949-$4080$3123770 801 #0 $aPT$bBN$gRPC 966 ## $lBN$mFGMON$x1 971 ## $cisantos$d20260618
|
|
|